[Event "9.th Korbach B Open"]
[Site "Korbach"]
[Date "2017.10.19"]
[Round "1.1"]
[White "Koellner, Aaron Noah"]
[Black "Hagner, Bennet"]
[Result "1/2-1/2"]
[WhiteElo "1930"]
[BlackElo "1594"]
[PlyCount "62"]
[EventDate "2017.10.19"]
[EventType "swiss"]
[EventRounds "7"]
[EventCountry "GER"]
[SourceDate "2017.10.24"]

1. d4 c5 2. d5 d6 3. e4 e5 4. Nc3 f5 5. Bd3 fxe4 6. Nxe4 Be7 7. h3 Nd7 8. Nf3
Ngf6 9. O-O Nxe4 10. Bxe4 Nf6 11. Bd3 O-O 12. Bc4 a6 13. a4 Bf5 14. Nxe5 dxe5
15. d6+ Kh8 16. dxe7 Qxe7 17. Re1 Rad8 18. Qe2 Rfe8 19. a5 Rd7 20. Bg5 h6 21.
Bh4 Rd4 22. Bg3 Ne4 23. Bh2 Rd2 24. Qh5 Rf8 25. Bd3 Qf6 26. f3 Bg6 27. Qxe5
Rxg2+ 28. Kxg2 Qxf3+ 29. Kg1 Qf2+ {Remisangebot} 30. Kh1 Qf3+ 31. Kg1 Nf2
1/2-1/2

[Event "9.th Korbach B Open"]
[Site "Korbach"]
[Date "2017.10.19"]
[Round "1.2"]
[White "Spinnler, Wolfgang"]
[Black "Vega Lopez de Nava, Cesar Octavi"]
[Result "0-1"]
[WhiteElo "1591"]
[BlackElo "1922"]
[PlyCount "92"]
[EventDate "2017.10.19"]
[EventType "swiss"]
[EventRounds "7"]
[EventCountry "GER"]
[SourceDate "2017.10.24"]

1. Nf3 d5 2. g3 c6 3. Bg2 Bg4 4. d3 Nd7 5. b3 e6 6. Bb2 Ngf6 7. O-O Bd6 8. c4
O-O 9. Nbd2 a5 10. h3 Bh5 11. a3 Qe7 12. e4 dxe4 13. dxe4 e5 14. g4 Bg6 15. Nh4
Nc5 16. Nf5 Bxf5 17. gxf5 Nd3 18. Qc2 Nf4 19. Kh2 N6h5 20. Qc3 Qg5 21. Bh1 Ne2
22. Qe3 Nhf4 23. Nf3 Qh5 24. Nxe5 Rfe8 25. Qf3 Bxe5 26. Bxe5 Rxe5 27. Rae1 Qxf3
28. Bxf3 Nd4 29. Kg3 Nxh3 30. Bg2 Nxf2 31. Rxf2 Nxb3 32. Rb1 Nc5 33. Re2 Rd8
34. Kf4 f6 35. Re3 Rd4 36. Rc1 Nd3+ 37. Rxd3 Rxd3 38. Rb1 b5 39. Bf1 Rd4 40.
cxb5 Rdxe4+ 41. Kf3 cxb5 42. Bxb5 Re3+ 43. Kf2 Rc3 44. Bd7 Rxa3 45. Be6+ Rxe6
46. fxe6 Kf8 0-1

[Event "9.th Korbach B Open"]
[Site "Korbach"]
[Date "2017.10.19"]
[Round "1.3"]
[White "Sharikow, Alexej"]
[Black "Yon, Gregory"]
[Result "1-0"]
[WhiteElo "1903"]
[BlackElo "1588"]
[PlyCount "82"]
[EventDate "2017.10.19"]
[EventType "swiss"]
[EventRounds "7"]
[EventCountry "GER"]
[SourceDate "2017.10.24"]

1. d4 d6 2. c4 Nf6 3. Nc3 Nbd7 4. e4 e5 5. d5 Be7 6. Bd3 c6 7. Nge2 Qc7 8. O-O
Nc5 9. Bc2 Bg4 10. f3 Bc8 11. Ng3 h6 12. Kh1 g6 13. Be3 h5 14. Qd2 h4 15. Nge2
h3 16. g3 Nh7 17. Rad1 Nd7 18. c5 Qa5 19. dxc6 bxc6 20. cxd6 Bd8 21. f4 Bb6 22.
fxe5 Bxe3 23. Qxe3 Qxe5 24. Bb3 Nhf6 25. Qd4 Qxd4 26. Nxd4 Bb7 27. Kg1 Rf8 28.
e5 Nd5 29. Nxd5 cxd5 30. Nb5 Kd8 31. Bxd5 Bxd5 32. Rxd5 a6 33. Nc7 Nb6 34. Rd4
Kd7 35. Nxa8 Nxa8 36. Rf6 Rc8 37. Rxf7+ Ke6 38. Rf6+ Kxe5 39. d7 Rc1+ 40. Rf1
Rxf1+ 41. Kxf1 Kxd4 1-0

[Event "9.th Korbach B Open"]
[Site "Korbach"]
[Date "2017.10.19"]
[Round "4.1"]
[White "Barchfeld, Peter"]
[Black "Lages, Karl Heinz"]
[Result "0-1"]
[WhiteElo "1571"]
[BlackElo "1867"]
[PlyCount "62"]
[EventDate "2017.10.19"]
[EventType "swiss"]
[EventRounds "7"]
[EventCountry "GER"]
[SourceDate "2017.10.24"]

1. e4 e6 2. d4 d5 3. Nc3 Nf6 4. e5 Nfd7 5. Nf3 c5 6. Be3 Nc6 7. Be2 cxd4 8.
Bxd4 a6 9. O-O Qc7 10. Re1 Be7 11. Be3 Ndxe5 12. Nd4 Ng6 13. Qd2 O-O 14. f4
Nxd4 15. Qxd4 Bf6 16. Qd2 Bd7 17. g3 Rfd8 18. Rad1 Rac8 19. Qc1 Be8 20. f5 Ne7
21. fxe6 fxe6 22. Bg4 Bf7 23. Bg5 Bxg5 24. Qxg5 h6 25. Qc1 Qc5+ 26. Kh1 d4 27.
Na4 Qc6+ 28. Kg1 Qxa4 29. Rxe6 Rxc2 30. Qb1 d3 31. Rxe7 Qd4+ 0-1

[Event "9.th Korbach B Open"]
[Site "Korbach"]
[Date "2017.10.19"]
[Round "5.1"]
[White "John, Volkmar"]
[Black "Ruhl, Marcel"]
[Result "1/2-1/2"]
[WhiteElo "1861"]
[BlackElo "1555"]
[PlyCount "76"]
[EventDate "2017.10.19"]
[EventType "swiss"]
[EventRounds "7"]
[EventCountry "GER"]
[SourceDate "2017.10.24"]

1. c4 e6 2. Nf3 Nf6 3. Nc3 d5 4. e3 c5 5. d4 Nc6 6. cxd5 exd5 7. Be2 Bf5 8. O-O
Bd6 9. Nb5 O-O 10. Nxd6 Qxd6 11. dxc5 Qxc5 12. Bd2 Nb4 13. a3 Nc6 14. Rc1 Qb6
15. Bc3 Ne7 16. Bd4 Qd6 17. Qb3 b6 18. Be5 Qe6 19. Bg3 Ne4 20. Rfd1 Nxg3 21.
hxg3 Rfd8 22. Nd4 Qf6 23. Rc7 Be6 24. Qb4 Nf5 25. Nxf5 Bxf5 26. Bf3 Qe6 27. Re7
Qc6 28. Qf4 Be6 29. Rc7 Qb5 30. Bg4 Qe8 31. Bf3 Qb5 32. b4 a5 33. Bg4 Qe8 34.
Rb1 Bxg4 35. Qxg4 Qb5 36. Qf5 Rf8 37. bxa5 Qxa5 38. Qd3 Rfd8 1/2-1/2

[Event "9.th Korbach B Open"]
[Site "Korbach"]
[Date "2017.10.19"]
[Round "1.6"]
[White "Werner, Tom"]
[Black "Fobbe, Ottmar"]
[Result "1-0"]
[WhiteElo "1554"]
[BlackElo "1846"]
[PlyCount "80"]
[EventDate "2017.10.19"]
[EventType "swiss"]
[EventRounds "7"]
[EventCountry "GER"]
[SourceDate "2017.10.24"]

1. c4 e6 2. Nf3 f5 3. d4 Nf6 4. Nc3 c6 5. e3 d5 6. Bd2 Bd6 7. Be2 O-O 8. O-O
Bd7 9. a3 a5 10. Qc2 Na6 11. c5 Bc7 12. Na4 Ne4 13. b4 Nxd2 14. Qxd2 axb4 15.
axb4 f4 16. Qb2 Be8 17. Nc3 Qf6 18. e4 g5 19. e5 Qg7 20. g4 fxg3 21. fxg3 Bh5
22. b5 cxb5 23. Qxb5 Bd8 24. Kg2 g4 25. Ng1 Bg5 26. Qb6 Qd7 27. Bb5 Qe7 28. c6
Rab8 29. Bxa6 bxa6 30. Qxa6 Be3 31. Nce2 Bg6 32. Rxf8+ Rxf8 33. c7 Rf2+ 34. Kh1
Qxc7 35. Qxe6+ Kg7 36. Qxg4 Qf7 37. h4 h5 38. e6 Qf6 39. Ra7+ Kh6 40. Nf4 hxg4
1-0

[Event "9.th Korbach B Open"]
[Site "Korbach"]
[Date "2017.10.19"]
[Round "1.7"]
[White "Koch, Thomas1"]
[Black "Clement, Marc"]
[Result "1-0"]
[WhiteElo "1812"]
[BlackElo "1561"]
[PlyCount "47"]
[EventDate "2017.10.19"]
[EventType "swiss"]
[EventRounds "7"]
[EventCountry "GER"]
[SourceDate "2017.10.24"]

1. e4 c5 2. Nf3 d6 3. d4 cxd4 4. Nxd4 a6 5. Bc4 e6 6. Be3 Be7 7. Nc3 Nf6 8. f3
O-O 9. Qd2 b5 10. Bb3 Qc7 11. g4 e5 12. Nf5 Bxf5 13. gxf5 Rd8 14. Rg1 Bf8 15.
Nd5 Nxd5 16. Bxd5 Nc6 17. f6 g6 18. Bh6 Rac8 19. Bxf8 Nd4 20. Qh6 Nxf3+ 21. Kf2
Qxc2+ 22. Kxf3 Qd3+ 23. Kg4 Qe2+ 24. Kh3 1-0

[Event "9.th Korbach B Open"]
[Site "Korbach"]
[Date "2017.10.19"]
[Round "1.8"]
[White "Kirchner, Stefan"]
[Black "Lanz, Udo"]
[Result "1/2-1/2"]
[WhiteElo "1550"]
[BlackElo "1801"]
[PlyCount "25"]
[EventDate "2017.10.19"]
[EventType "swiss"]
[EventRounds "7"]
[EventCountry "GER"]
[SourceDate "2017.10.24"]

1. e4 c6 2. c4 d5 3. exd5 cxd5 4. cxd5 Nf6 5. Nc3 Nxd5 6. Bc4 Nf6 7. d4 e6 8.
Nf3 Nc6 9. O-O Be7 10. Be3 a6 11. Ne5 O-O 12. Nxc6 bxc6 13. Qe2 1/2-1/2

[Event "9.th Korbach B Open"]
[Site "Korbach"]
[Date "2017.10.24"]
[Round "1.9"]
[White "Bigott, Martin"]
[Black "Lehmann, Nils"]
[Result "1-0"]
[WhiteElo "1787"]
[BlackElo "1542"]
[PlyCount "67"]
[EventDate "2017.10.19"]
[EventType "swiss"]
[EventRounds "7"]
[EventCountry "GER"]
[SourceDate "2017.10.24"]

1. e4 e5 2. Nf3 Nc6 3. Bb5 Bc5 4. O-O d6 5. c3 a6 6. Ba4 Ba7 7. d4 exd4 8. cxd4
Bd7 9. Bg5 Nge7 10. Nc3 Qc8 11. a3 O-O 12. d5 h6 13. dxc6 Nxc6 14. Bf4 Bg4 15.
Qd3 Qe6 16. Nd5 Rac8 17. Rac1 Bxf3 18. Qxf3 Nd4 19. Qd3 c6 20. Nc3 Rfe8 21. Bc2
Qf6 22. Be3 Re6 23. e5 Qg6 24. Qxd4 Qxc2 25. Qxa7 Qxb2 26. exd6 Qxa3 27. d7 Rd8
28. Qxb7 Rd6 29. Ne4 R6xd7 30. Qxc6 Qe7 31. Nc5 Rc7 32. Qxa6 Rd6 33. Qa8+ Rd8
34. Qe4 1-0

[Event "9.th Korbach B Open"]
[Site "Korbach"]
[Date "2017.10.19"]
[Round "1.10"]
[White "Weltecke, Marco"]
[Black "Ruhl, Moritz"]
[Result "0-1"]
[WhiteElo "1535"]
[BlackElo "1781"]
[PlyCount "68"]
[EventDate "2017.10.19"]
[EventType "swiss"]
[EventRounds "7"]
[EventCountry "GER"]
[SourceDate "2017.10.24"]

1. e4 e6 2. d4 d5 3. Nc3 c6 4. Nf3 Nf6 5. e5 Nfd7 6. Bf4 b5 7. Ne2 Nb6 8. Nc1
N8d7 9. Be2 Na4 10. Nd3 Be7 11. O-O O-O 12. Bg3 a5 13. b3 Nc3 14. Qe1 b4 15.
Nd2 Qb6 16. Nb1 Nxe2+ 17. Qxe2 Qxd4 18. Nd2 Ba6 19. Qe3 Qxe3 20. fxe3 Bd8 21.
Nf3 Bb6 22. Rfe1 c5 23. Kh1 Rfc8 24. Rac1 Bxd3 25. cxd3 a4 26. d4 c4 27. bxc4
dxc4 28. Re2 b3 29. a3 c3 30. Ne1 Rc4 31. Bf2 Rac8 32. Nc2 bxc2 33. Rexc2 Ba5
34. Rb1 Rb8 0-1

[Event "9.th Korbach B Open"]
[Site "Korbach"]
[Date "2017.10.24"]
[Round "1.11"]
[White "Udaykumar, Arunn Mark"]
[Black "Hofmann, Niclas"]
[Result "1-0"]
[WhiteElo "1772"]
[BlackElo "1534"]
[PlyCount "63"]
[EventDate "2017.10.19"]
[EventType "swiss"]
[EventRounds "7"]
[EventCountry "GER"]
[SourceDate "2017.10.24"]

1. e4 e6 2. d4 d5 3. Nc3 dxe4 4. Nxe4 Nd7 5. Nf3 Ngf6 6. Bg5 Be7 7. Nxf6+ Nxf6
8. Bd3 h6 9. Bh4 Nd5 10. Bxe7 Qxe7 11. O-O O-O 12. c3 b6 13. Bc2 Bb7 14. Qd3
Nf6 15. Ne5 Be4 16. Qe2 Bxc2 17. Qxc2 c5 18. Rad1 Rac8 19. Qe2 cxd4 20. Rxd4
Rc5 21. c4 Qc7 22. f4 Rd8 23. Rfd1 Rxd4 24. Rxd4 Ra5 25. b4 Ra4 26. Qd3 Kf8 27.
Nd7+ Ke7 28. Nxf6 Kxf6 29. Qb3 e5 {Remisangebot} 30. Rd5 Qc6 31. Qc3 Kg6 32.
Qd3+ 1-0

[Event "9.th Korbach B Open"]
[Site "Korbach"]
[Date "2017.10.19"]
[Round "1.12"]
[White "Bayer, Melissa"]
[Black "Schneider, Udo"]
[Result "1/2-1/2"]
[WhiteElo "1523"]
[BlackElo "1761"]
[PlyCount "79"]
[EventDate "2017.10.19"]
[EventType "swiss"]
[EventRounds "7"]
[EventCountry "GER"]
[SourceDate "2017.10.24"]

1. e4 c5 2. Nf3 d6 3. d4 cxd4 4. Nxd4 Nf6 5. Nc3 g6 6. Bc4 Bg7 7. Bg5 Qa5 8.
Qd2 Nxe4 9. Nxe4 Qxd2+ 10. Bxd2 Bxd4 11. Nc3 a6 12. a4 O-O 13. Nd5 Nc6 14. c3
Bg7 15. O-O Be6 16. Nb6 Bxc4 17. Nxc4 Rac8 18. Ne3 e6 19. Rad1 d5 20. Nc2 Na5
21. Na3 Nc4 22. Nxc4 Rxc4 23. a5 Rfc8 24. Be3 Ra4 25. Bb6 Bf8 26. Rd4 Ra2 27.
Rb1 Bc5 28. Bxc5 Rxc5 29. Rb4 Rcxa5 30. Rxb7 Ra1 31. Rf1 Kg7 32. f4 Kf6 33. g3
R1a2 34. Rf2 Rb5 35. Rxb5 axb5 36. b3 Ra3 37. Rb2 Kf5 38. Kf2 Ke4 39. Ke2 Ra1
40. Rd2 1/2-1/2

[Event "9.th Korbach B Open"]
[Site "Korbach"]
[Date "2017.10.19"]
[Round "1.13"]
[White "Koellner, Felicitas Ophelia"]
[Black "Unruh, Hartmut"]
[Result "1-0"]
[WhiteElo "1757"]
[BlackElo "1518"]
[PlyCount "63"]
[EventDate "2017.10.19"]
[EventType "swiss"]
[EventRounds "7"]
[EventCountry "GER"]
[SourceDate "2017.10.24"]

1. d4 g6 2. Nf3 Nf6 3. Nbd2 d6 4. e4 Bg7 5. Bc4 c6 6. a4 Qa5 7. c3 Nbd7 8. O-O
O-O 9. Re1 Qh5 10. Nf1 Nb6 11. Ng3 Qg4 12. Bb3 a5 13. e5 dxe5 14. dxe5 Nfd5 15.
h3 Qd7 16. Nd4 e6 17. Bg5 h6 18. Bd2 Qe7 19. Qc1 Kh7 20. Bc2 Nc4 21. Nh5 Nxd2
22. Nxg7 Nf3+ 23. Nxf3 Kxg7 24. Nh2 h5 25. Qd1 Qg5 26. Nf3 Qe7 27. Nd2 Qg5 28.
g3 b6 29. Nc4 Ba6 30. Nd6 h4 31. Qf3 hxg3 32. fxg3 1-0

[Event "9.th Korbach B Open"]
[Site "Korbach"]
[Date "2017.10.19"]
[Round "1.14"]
[White "Moderow, Ramon"]
[Black "Werner, Elmar"]
[Result "1-0"]
[WhiteElo "1516"]
[BlackElo "1740"]
[PlyCount "65"]
[EventDate "2017.10.19"]
[EventType "swiss"]
[EventRounds "7"]
[EventCountry "GER"]
[SourceDate "2017.10.24"]

1. e4 c6 2. d4 d5 3. exd5 cxd5 4. Nf3 Nf6 5. Nc3 Bg4 6. Be2 Nbd7 7. h3 Bh5 8.
O-O e6 9. Bg5 Bd6 10. Nb5 Qb6 11. Nxd6+ Qxd6 12. c3 a6 13. Bxf6 Nxf6 14. Ne5
Bxe2 15. Qxe2 Nd7 16. Rfe1 O-O 17. Qg4 Nxe5 18. Rxe5 Rae8 19. Rae1 Re7 20. h4
Qb6 21. R1e2 Rfe8 22. h5 h6 23. R5e3 Qb5 24. Rg3 f5 25. Qf3 Qd7 26. Re5 b5 27.
Rg6 Rf7 28. Qg3 Ree7 29. Rxh6 Qc6 30. Qg6 Rf6 31. Qh7+ Kf7 32. Rxf6+ Kxf6 33.
Qg6# 1-0

[Event "9.th Korbach B Open"]
[Site "Korbach"]
[Date "2017.10.19"]
[Round "15.1"]
[White "Hoelss, Manuel"]
[Black "Wagener, Friedrich"]
[Result "1-0"]
[WhiteElo "1739"]
[BlackElo "1493"]
[PlyCount "73"]
[EventDate "2017.10.19"]
[EventType "swiss"]
[EventRounds "7"]
[EventCountry "GER"]
[SourceDate "2017.10.24"]

1. e4 c5 2. Nf3 Nc6 3. d4 cxd4 4. Nxd4 g6 5. Be3 Bg7 6. Nc3 Nf6 7. Bc4 O-O 8.
O-O a6 9. a4 d6 10. f3 Qb6 11. a5 Nxa5 12. Nf5 Qc7 13. Nxe7+ Kh8 14. Be2 Be6
15. Ned5 Bxd5 16. Nxd5 Nxd5 17. Qxd5 Nc6 18. c3 Rfe8 19. Rfd1 Rad8 20. Bf4 Qb6+
21. Kh1 Qxb2 22. Bxa6 Ra8 23. Rab1 Qxc3 24. Bxb7 Ne7 25. Qxf7 Ng8 26. Bxd6 Rad8
27. Rdc1 Qd2 28. Rc7 Qd4 29. e5 Re7 30. Rxe7 Nxe7 31. Qxe7 Rg8 32. Qe6 Qd3 33.
Be4 Qc3 34. h4 Bh6 35. Be7 Bg7 36. Bd5 Re8 37. Bf6 1-0

[Event "9.th Korbach B Open"]
[Site "Korbach"]
[Date "2017.10.19"]
[Round "16.1"]
[White "Hoelss, Silas"]
[Black "Lasschuit, Rene"]
[Result "1-0"]
[WhiteElo "1467"]
[BlackElo "1733"]
[PlyCount "56"]
[EventDate "2017.10.19"]
[EventType "swiss"]
[EventRounds "7"]
[EventCountry "GER"]
[SourceDate "2017.10.24"]

1. e4 c5 2. Nf3 a6 3. Bc4 e6 4. Nc3 b5 5. Be2 Bb7 6. d3 Nc6 7. Be3 Nf6 8. O-O
Be7 9. d4 cxd4 10. Nxd4 Nxd4 11. Qxd4 b4 12. e5 bxc3 13. exf6 Bxf6 14. Qb4 cxb2
15. Rab1 Bd5 16. a4 Qb8 17. Qxb8+ Rxb8 18. c4 Be4 19. c5 O-O 20. Bxa6 Rb3 21.
Bc4 Ra3 22. Bg5 Bxb1 23. Bxf6 gxf6 24. Rxb1 Ra1 25. Bd3 Rc8 26. Kf1 Rxc5 27.
Ke2 Rxb1 28. Bxb1 Rc1 1-0

[Event "9.th Korbach B Open"]
[Site "Korbach"]
[Date "2017.10.19"]
[Round "1.17"]
[White "Langhammer, Joerg"]
[Black "Engel, Markus"]
[Result "1/2-1/2"]
[WhiteElo "1732"]
[BlackElo "1461"]
[PlyCount "56"]
[EventDate "2017.10.19"]
[EventType "swiss"]
[EventRounds "7"]
[EventCountry "GER"]
[SourceDate "2017.10.24"]

1. e4 d5 2. exd5 Qxd5 3. d4 c6 4. Nf3 Bg4 5. Be2 Nf6 6. O-O Nbd7 7. c4 Qa5 8.
Nc3 e6 9. Bf4 Be7 10. h3 Bh5 11. Re1 O-O 12. Ne5 Bxe2 13. Qxe2 Nxe5 14. dxe5
Nd7 15. Qg4 g6 16. h4 h5 17. Qh3 Kh7 18. Rad1 Rad8 19. Ne4 Nc5 20. Nf6+ Bxf6
21. exf6 Rxd1 22. Rxd1 Ne4 23. Qf3 Qf5 24. Be3 Qxf3 25. gxf3 Nxf6 26. Bxa7 Re8
27. Kf1 e5 28. Be3 Kg7 1/2-1/2

[Event "9.th Korbach B Open"]
[Site "Korbach"]
[Date "2017.10.19"]
[Round "1.18"]
[White "Schmechtig, Lucas"]
[Black "Vedder, Matthias"]
[Result "1/2-1/2"]
[WhiteElo "1453"]
[BlackElo "1715"]
[PlyCount "39"]
[EventDate "2017.10.19"]
[EventType "swiss"]
[EventRounds "7"]
[EventCountry "GER"]
[SourceDate "2017.10.24"]

1. c4 c5 2. g3 g6 3. Bg2 Bg7 4. Nc3 Nc6 5. e4 d6 6. Nge2 Nf6 7. O-O O-O 8. h3
Bd7 9. d3 Qc8 10. Kh2 Re8 11. f4 Rb8 12. Rb1 a6 13. a3 b5 14. cxb5 axb5 15. b4
cxb4 16. axb4 e5 17. Qb3 Be6 18. Qd1 h6 19. Bd2 Bd7 20. Qb3 1/2-1/2

[Event "9.th Korbach B Open"]
[Site "Korbach"]
[Date "2017.10.19"]
[Round "1.19"]
[White "Schloemer, Andreas"]
[Black "Fromm, Nick"]
[Result "1/2-1/2"]
[WhiteElo "1704"]
[BlackElo "1443"]
[PlyCount "46"]
[EventDate "2017.10.19"]
[EventType "swiss"]
[EventRounds "7"]
[EventCountry "GER"]
[SourceDate "2017.10.24"]

1. c4 e6 2. g3 d5 3. Bg2 c6 4. cxd5 exd5 5. Nf3 Nf6 6. O-O Bd6 7. b3 O-O 8. Bb2
Bg4 9. Qc2 Nbd7 10. d3 Re8 11. Re1 Qb6 12. Nbd2 Re7 13. e3 Rc8 14. h3 Bxf3 15.
Nxf3 Ne5 16. Bd4 Qc7 17. Nxe5 Bxe5 18. Bxe5 Qxe5 19. d4 Qd6 20. Rac1 Nd7 21.
Qd3 Nf8 22. Re2 Ne6 23. Rce1 Qb4 1/2-1/2

[Event "9.th Korbach B Open"]
[Site "Korbach"]
[Date "2017.10.19"]
[Round "1.20"]
[White "Margraf, Dieter"]
[Black "Van Heeren, Arie"]
[Result "0-1"]
[WhiteElo "1441"]
[BlackElo "1701"]
[PlyCount "54"]
[EventDate "2017.10.19"]
[EventType "swiss"]
[EventRounds "7"]
[EventCountry "GER"]
[SourceDate "2017.10.24"]

1. d4 Nf6 2. Nf3 g6 3. Bf4 Bg7 4. e3 d6 5. Bd3 O-O 6. O-O Nbd7 7. h3 Re8 8.
Nbd2 e5 9. Bg5 c6 10. c3 Qc7 11. Qc2 Nb6 12. a3 Be6 13. dxe5 dxe5 14. Ne4 Nfd7
15. Rad1 f5 16. Ned2 e4 17. Nxe4 fxe4 18. Bxe4 Nc5 19. Nd4 Nxe4 20. Nxe6 Rxe6
21. Bf4 Qf7 22. f3 Nf6 23. Rd3 Nbd5 24. Bh2 Nxe3 25. Rxe3 Rxe3 26. Rd1 Rae8 27.
Kf1 Qc4+ 0-1

[Event "9.th Korbach B Open"]
[Site "Korbach"]
[Date "2017.10.19"]
[Round "1.21"]
[White "Bahr, Arne"]
[Black "Warter, Simon"]
[Result "1-0"]
[WhiteElo "1696"]
[BlackElo "1410"]
[PlyCount "63"]
[EventDate "2017.10.19"]
[EventType "swiss"]
[EventRounds "7"]
[EventCountry "GER"]
[SourceDate "2017.10.24"]

1. f4 e6 2. Nf3 Nf6 3. e3 Nc6 4. b3 d5 5. Bb5 Bd7 6. Bb2 a6 7. Bxc6 Bxc6 8. Ne5
Ne4 9. O-O Qh4 10. Nxc6 bxc6 11. d3 Bc5 12. Qe2 Nf6 13. Bxf6 Qxf6 14. Nd2 Ba3
15. Rab1 O-O {Remisangebot} 16. Nf3 Bd6 17. d4 Bb4 18. Ne5 c5 19. Nd7 Qe7 20.
Nxf8 Qxf8 21. Qd3 cxd4 22. exd4 Qe8 23. c3 Bd6 24. b4 Qb5 25. Qc2 Qc4 26. a4
Rb8 27. g3 Bxb4 28. Qb3 a5 29. Qxc4 dxc4 30. cxb4 axb4 31. Rfc1 c3 32. Rxc3 1-0

[Event "9.th Korbach B Open"]
[Site "Korbach"]
[Date "2017.10.19"]
[Round "1.22"]
[White "Deutsch, Oliver"]
[Black "Maters, Arthur"]
[Result "0-1"]
[WhiteElo "1408"]
[BlackElo "1709"]
[PlyCount "110"]
[EventDate "2017.10.19"]
[EventType "swiss"]
[EventRounds "7"]
[EventCountry "GER"]
[SourceDate "2017.10.24"]

1. e4 c5 2. Nf3 d6 3. Bb5+ Nd7 4. Bxd7+ Bxd7 5. d4 cxd4 6. Nxd4 Nf6 7. Nc3 g6
8. Be3 Ng4 9. Qd2 Nxe3 10. Qxe3 Bg7 11. O-O O-O 12. Nd5 e6 13. Nc3 Bc6 14. Rad1
a6 15. Qd3 d5 16. exd5 Bxd5 17. Nxd5 Qxd5 18. c3 Rfd8 19. Qf3 Bxd4 20. Qxd5
Rxd5 21. cxd4 Rad8 22. Rc1 Rxd4 23. Rc7 R8d7 24. Rc8+ Kg7 25. h3 Rd2 26. Rb1
Rd1+ 27. Rxd1 Rxd1+ 28. Kh2 Rd2 29. f3 Rxb2 30. Rc7 b5 31. a3 Rb3 32. a4 Rb4
33. axb5 axb5 34. Rb7 Rb1 35. Kg3 b4 36. Kf2 b3 37. Kg3 b2 38. Kh2 Kf6 39. Kg3
Ke5 40. Kf2 f5 41. g4 Rh1 42. Kg2 b1=Q 43. Rxb1 Rxb1 44. Kg3 f4+ 45. Kh4 Rf1
46. Kg5 Rxf3 47. Kh6 Rxh3+ 48. Kg5 h6+ 49. Kxg6 f3 50. Kh7 f2 51. Kg7 f1=Q 52.
Kg8 Ra3 53. g5 Ra8+ 54. Kh7 Qf7+ 55. Kxh6 Rh8# 0-1

[Event "9.th Korbach B Open"]
[Site "Korbach"]
[Date "2017.10.19"]
[Round "1.23"]
[White "Bakiev, Diyor"]
[Black "Werner, Rosalie"]
[Result "1/2-1/2"]
[WhiteElo "1681"]
[BlackElo "1404"]
[PlyCount "113"]
[EventDate "2017.10.19"]
[EventType "swiss"]
[EventRounds "7"]
[EventCountry "GER"]
[SourceDate "2017.10.24"]

1. e4 e6 2. d4 d5 3. e5 c5 4. c3 Nc6 5. Nf3 Qb6 6. Bd3 Bd7 7. O-O cxd4 8. Nxd4
Nxd4 9. cxd4 Qxd4 10. Nc3 Qb6 11. Na4 Qc7 12. Bf4 Ne7 13. Nc3 a6 14. Rc1 Nc6
15. Qd2 Be7 16. Nxd5 exd5 17. e6 Qd8 18. exd7+ Qxd7 19. a3 O-O 20. Qc2 h6 21.
Qd2 g5 22. Bg3 Bd6 23. f4 f6 24. Be2 Bc7 25. Bf3 d4 26. fxg5 Bxg3 27. hxg3 hxg5
28. Rfd1 Rad8 29. Bxc6 bxc6 30. Rc4 Qc7 31. Rxd4 Rxd4 32. Qxd4 Qxg3 33. Qc4+
Kg7 34. Rd7+ Kh8 35. Qe4 Qh4 36. Qxh4+ gxh4 37. Rc7 Rb8 38. Rxc6 Rxb2 39. Rxf6
a5 40. Rf5 Rb3 41. Rxa5 Kg7 42. a4 h3 43. gxh3 Rxh3 44. Ra7+ Kf6 45. a5 Ke6 46.
Rg7 Ra3 47. a6 Kd6 48. a7 Kc6 49. Rg6+ Kb7 50. Rg7+ Ka8 51. Kf2 Rxa7 52. Rg8+
Kb7 53. Rg7+ Kb6 54. Rg6+ Kb7 55. Rg7+ Kb6 56. Rg6+ Kb7 57. Rg7+ 1/2-1/2

[Event "9.th Korbach B Open"]
[Site "Korbach"]
[Date "2017.10.19"]
[Round "1.24"]
[White "Pohle, Saskia"]
[Black "Gurnik, Michael"]
[Result "1/2-1/2"]
[WhiteElo "1376"]
[BlackElo "1678"]
[PlyCount "65"]
[EventDate "2017.10.19"]
[EventType "swiss"]
[EventRounds "7"]
[EventCountry "GER"]
[SourceDate "2017.10.24"]

1. e4 c5 2. Nf3 Nc6 3. Bb5 e6 4. Bxc6 bxc6 5. O-O d5 6. d3 Ne7 7. Bf4 Ng6 8.
Bg3 Bd6 9. e5 Bc7 10. Nc3 O-O 11. Qd2 Ba5 12. Qe2 Rb8 13. Rab1 Ba6 14. Rfd1 Rb7
15. h3 Qe7 16. Qe1 d4 17. Nd5 Qd8 18. b4 cxb4 19. Nxb4 Qd7 20. c3 Bxb4 21. cxb4
Rd8 22. Ng5 Ne7 23. Ne4 Nd5 24. Rdc1 Qc7 25. Nc5 Rb6 26. Nxa6 Rxa6 27. Qd2 Nc3
28. Rb2 Qe7 29. f3 Ra4 30. Bf2 Rxb4 31. Bxd4 Rxb2 32. Qxb2 Na4 33. Qf2 1/2-1/2

[Event "9.th Korbach B Open"]
[Site "Korbach"]
[Date "2017.10.19"]
[Round "1.25"]
[White "Niemeyer, Norbert"]
[Black "De Heij, Mees"]
[Result "1-0"]
[WhiteElo "1678"]
[BlackElo "1343"]
[PlyCount "63"]
[EventDate "2017.10.19"]
[EventType "swiss"]
[EventRounds "7"]
[EventCountry "GER"]
[SourceDate "2017.10.24"]

1. e4 e5 2. d4 exd4 3. c3 d5 4. Qxd4 Qe7 5. Bd3 dxe4 6. Qxe4 Qxe4+ 7. Bxe4 Nf6
8. Bc2 g6 9. Nf3 Bg7 10. O-O O-O 11. Bf4 c6 12. Nbd2 Be6 13. Nd4 Rd8 14. Nxe6
fxe6 15. Bb3 Kf7 16. Rfe1 Nd5 17. Bg3 Nd7 18. Nf3 h6 19. Rad1 N7f6 20. Ne5+ Kg8
21. Nxg6 Rd7 22. Ne5 Re7 23. Bc2 Rd8 24. c4 Nd7 25. cxd5 Nxe5 26. Bxe5 Bxe5 27.
Rxe5 cxd5 28. f4 Rc8 29. Bb3 Kf7 30. Rde1 Rg8 31. Bxd5 Rg6 32. f5 1-0

[Event "9.th Korbach B Open"]
[Site "Korbach"]
[Date "2017.10.19"]
[Round "1.26"]
[White "Dessens, John"]
[Black "Wachsmann, Elmar"]
[Result "0-1"]
[WhiteElo "1318"]
[BlackElo "1663"]
[PlyCount "84"]
[EventDate "2017.10.19"]
[EventType "swiss"]
[EventRounds "7"]
[EventCountry "GER"]
[SourceDate "2017.10.24"]

1. e4 e5 2. Nf3 Nc6 3. Nc3 Nf6 4. Bb5 d6 5. O-O Be7 6. d3 O-O 7. Bg5 Ne8 8.
Bxe7 Qxe7 9. Nd5 Qd8 10. Qd2 f5 11. Bc4 Kh8 12. a4 Nf6 13. Qg5 fxe4 14. dxe4 h6
15. Qh4 Nxd5 16. Qxd8 Rxd8 17. Bxd5 Ne7 18. Bb3 Bd7 19. Rfe1 Rf8 20. Rad1 Bg4
21. Rd3 Bxf3 22. Rxf3 Rxf3 23. gxf3 Rf8 24. Re3 Ng6 25. Kg2 a5 26. Rc3 c6 27.
Re3 Rf6 28. c3 Nf4+ 29. Kh1 Rg6 30. Re1 Nh3 31. Rf1 h5 32. Bf7 Rh6 33. Bc4 Rf6
34. Be2 Kg8 35. Bd1 Rg6 36. Bc2 Kf8 37. Bd1 Ke7 38. Be2 d5 39. Bd1 Kd6 40. Bc2
Rg5 41. Bd3 Kc5 42. Bc2 Kc4 0-1